Statistics for Company Logos A-Z

Click here to take the quiz!

General Stats

  • This quiz has been taken 337 times
  • The average score is 16 of 26

Answer Stats

Answer% Correct
Amazon
98%
Google
89%
Facebook
88%
Netflix
84%
PayPal
80%
XBox
80%
Yahoo
80%
Beats
79%
Chanel
79%
Skype
78%
Hyundai
77%
Lexus
75%
Explorer
71%
T-Mobile
71%
Dairy Queen
65%
Motorola
63%
LinkedIn
56%
Virgin
54%
Kodak
50%
Rockstar
48%
Quora
40%
Oakley
35%
Unilever
35%
Zillow
29%
JCPenney
25%
Wahlburgers
6%

Score Distribution

Percentile by Number Answered

Percent of People with Each Score

Your Score History

You have not taken this quiz